Estudio a nivel de prefactibilidad de alcantarillado sanitario para la ciudad de San Isidro de El General.
Spremljeno u:
| Glavni autor: | |
|---|---|
| Format: | Knjiga |
| Izdano: |
San José, Costa Rica
1987
|
| Teme: | |
| Oznake: |
Dodaj oznaku
Bez oznaka, Budi prvi tko označuje ovaj zapis!
|
MARC
| LEADER | 00000nam a2200000Ia 4500 | ||
|---|---|---|---|
| 003 | 004462 | ||
| 005 | 20221231144347.0 | ||
| 008 | 140114s1987 cr a m 000 ||s d | ||
| 040 | |c cru CEDI | ||
| 090 | |a TFG 2045 | ||
| 100 | |a Garro Vargas, Sergio Arnoldo |9 13756 | ||
| 245 | |a Estudio a nivel de prefactibilidad de alcantarillado sanitario para la ciudad de San Isidro de El General. | ||
| 260 | |c 1987 |a San José, Costa Rica | ||
| 300 | |a xiv, 173 hojas : ilustraciones (algunas plegables) ; 29 cm | ||
| 500 | |a Proyecto de graduacion (licenciatura en ingeniería civil)--Universidad de Costa Rica. Facultad de Ingeniería. Escuela de Ingeniería Civil | ||
| 650 | |x ALCANTARILLADO - SAN ISIDRO DE EL GENERAL (PEREZ ZELEDON, SAN JOSE, COSTA RICA) |9 13757 | ||
| 942 | |c TFG |2 ddc | ||
| 999 | |c 20712 |d 20712 | ||
